| 000 | 00833cam a2200205 a 4500 | ||
|---|---|---|---|
| 020 | _a0750618604 | ||
| 082 | 0 | 0 |
_a690/.83/0288 _bCAR _c41599 |
| 100 |
_aDavey Andy _945332 |
||
| 245 | 0 | 4 |
_aThe care and conservation of Georgian houses : _ba maintenance manual for Edinburgh New Town / _cAndy Davey ... [et al.]. |
| 250 | _a4th ed. | ||
| 260 |
_aGreat Britain ; _aGreat Britain: _bBath Press, _c1995. |
||
| 300 |
_axxvii, 291 p. : _bill. ; _c30 cm. |
||
| 526 |
_a0 _b0 _c0 _d690_830288000000000_CAR |
||
| 650 | 0 |
_aArchitecture, Georgian _xConservation and restoration _zScotland _zEdinburgh. _945333 |
|
| 650 | 0 |
_aHistoric buildings _zScotland _zEdinburgh _xMaintenance and repair. _945334 |
|
| 650 | 0 |
_aMCE _9379 |
|
| 700 | 1 |
_aDavey, Andy. _945335 |
|
| 856 | 4 | 2 | _uhttp://www.loc.gov/catdir/enhancements/fy1117/94025926-d.html |
| 942 |
_2ddc _cBK |
||
| 999 |
_c548879 _d548879 |
||